| 000 | 00650nam a2200241 a 4500 | ||
|---|---|---|---|
| 001 | nice12345678 | ||
| 003 | IN_TiNIC | ||
| 005 | 20260116011627.0 | ||
| 008 | 050524s1920 lona grp 000 0 eng | ||
| 020 |
_a _c100 |
||
| 082 | 0 | 0 |
_a922.97 _bIQB2 |
| 100 | _aIqbal, Mohd | ||
| 245 | _aSecrets of the Self(asrar-I-Khudi) | ||
| 260 |
_aLondon _bMacmillan and Co. _c1920 |
||
| 300 | _a147p | ||
| 500 | _aincludes index and biblioraphy | ||
| 505 | 2 | _aConference Held at May 29th-31st, 1952, Vol.Xlil.No.4.Muslim World. | |
| 650 | _aIqbal Muhammad-Poetry | ||
| 650 | _aIqbal Muhammad-Works | ||
| 902 | _bSRS | ||
| 942 | _cBK | ||
| 999 |
_c2977 _d2977 |
||